TATABAHASA Dewan

Bibliographic Details
Other Authors: Nik Safiah binti Nik Abdul Karim 1939-
Format: Book
Published: Kuala Lumpur : Dewan Bahasa dan Pustaka , 2003
Edition:Edisi baharu
Subjects:

MARC

LEADER 00000cam a2200000 7i4500
001 0000002568
005 20030812.0
020 0 0 |a 9836238603 
090 0 0 |a 499.235   |b TAT 2003 
245 0 0 |a TATABAHASA Dewan   |c Nik Safiah Karim ... [et. al] 
250 0 0 |a Edisi baharu 
260 0 0 |a Kuala Lumpur :   |b Dewan Bahasa dan Pustaka ,   |c 2003 
300 |a xxviii, 582 p. :   |b ill. ;   |c 22 cm. 
650 0 0 |a Malay language   |x Grammar 
650 0 0 |a Malay language   |x Morphology 
650 0 0 |a Malay language   |x Syntax 
700 0 1 |a Nik Safiah binti Nik Abdul Karim   |f Datuk ,   |c 1939- 
998 |a JPSM 
999 |a 0000005011   |b Monograph   |c Open Shelf   |e Default branch 
999 |a 0000005012   |b Monograph   |c Reference   |e Default branch